|
|
|
|
| LEADER |
00000nab a2200000 a 4500 |
| 001 |
vtls000628703 |
| 003 |
SK-MaSNL |
| 005 |
20260304100603.0 |
| 008 |
250425c1997 xo 0 slo |
| 015 |
|
|
|a SNBRB19rr/mm-uuuuu
|
| 035 |
|
|
|a CL0628842
|
| 035 |
|
|
|a urn:nbn:sk:snk-ab767a
|
| 035 |
|
|
|a (uuid)c3365366-a506-4ea2-9786-3a5d366b8f87
|
| 035 |
|
|
|a (urnnbn)urn:nbn:sk:snk:ar-a071eb
|
| 035 |
|
|
|a (sysno)vtls000628703
|
| 040 |
|
|
|a SNKBUCL
|b slo
|c SNKBUCL
|e AACR2
|
| 041 |
0 |
|
|a slo
|
| 044 |
|
|
|a xo
|c SK
|
| 080 |
|
|
|a 331.814
|2 1981
|
| 080 |
|
|
|a 331.232"3752"
|2 1981
|
| 245 |
0 |
0 |
|a O nadčasovej práci podrobnejšie
|
| 650 |
0 |
7 |
|a práca nadčas
|2 snkbucl
|9 13351
|
| 655 |
|
7 |
|a články z novín a časopisov
|2 snkbucl
|9 267496
|
| 773 |
0 |
|
|t Mzdy a financie
|g Roč. 4, č. 9-10 (1997), s. 99-102
|
| 850 |
|
|
|a Slovenská národná knižnica
|
| 852 |
|
|
|a Slovenská národná knižnica
|
| 958 |
|
|
|a article27
|
| 958 |
|
|
|a OND
|
| 958 |
|
|
|a RK
|
| 999 |
|
|
|c 2838713
|d 2840643
|